[Event "Bad Homburg it"]
[Site "GER"]
[Date "1997.08.02"]
[EventDate "1997.07.??"]
[Round "8"]
[Result "0-1"]
[White "Christian Gabriel"]
[Black "Xu Jun"]
[WhiteElo "2575"]
[BlackElo "2505"]
[PlyCount "82"]

1. d4 d5 2. c4 dxc4 3. Nf3 Nf6 4. e3 e6 5. Bxc4 c5 6. O-O a6
7. a3 Nbd7 8. Qe2 b5 9. Ba2 Bb7 10. Nc3 Be7 11. Rd1 Qb8 12. e4
cxd4 13. Nxd4 Bd6 14. g3 O-O 15. f3 Be5 16. Be3 Kh8 17. Rac1
Rc8 18. f4 Bxd4 19. Rxd4 e5 20. Rdd1 Nc5 21. Nd5 Nxd5 22. exd5
Nd7 23. Rxc8+ Qxc8 24. Rc1 Qb8 25. Qc2 Nf6 26. Rd1 exf4
27. Bxf4 Qe8 28. h3 Rc8 29. Qd3 h6 30. Qe3 Qd7 31. Bxh6 Qxh3
32. Bxg7+ Kxg7 33. Qg5+ Kf8 34. Qxf6 Qxg3+ 35. Kf1 Qh3+
36. Ke1 Re8+ 37. Kd2 Qe3+ 38. Kc2 Qe2+ 39. Kc3 b4+ 40. Kxb4
Re4+ 41. Kc3 Re3+ 0-1

[Event "Bad Homburg it"]
[Site "GER"]
[Date "1997.08.03"]
[EventDate "1997.07.??"]
[Round "9"]
[Result "1-0"]
[White "Xu Jun"]
[Black "Joerg Hickl"]
[WhiteElo "2505"]
[BlackElo "2565"]
[PlyCount "91"]

1. c4 d6 2. Nc3 e5 3. g3 Nf6 4. Bg2 Be7 5. Nf3 c6 6. O-O O-O
7. d3 Re8 8. Rb1 a5 9. a3 h6 10. b4 axb4 11. axb4 Bf8 12. b5
Be6 13. Nd2 d5 14. Bb2 Nbd7 15. Ra1 Qb6 16. Qc2 Nc5 17. Rfb1
Rxa1 18. Rxa1 Rc8 19. e3 Qd8 20. bxc6 bxc6 21. d4 exd4
22. exd4 Ncd7 23. c5 g6 24. Nf1 Bg7 25. h3 Nh7 26. Ne2 Bf5
27. Qc1 Ng5 28. Nf4 Be4 29. Nd2 Bxg2 30. Kxg2 Rb8 31. Bc3 Qf6
32. h4 Ne4 33. Nxe4 dxe4 34. Ra3 Qf5 35. d5 Bxc3 36. Rxc3 cxd5
37. c6 Nf6 38. c7 Rc8 39. Rc6 Qe5 40. Qc5 Kg7 41. Ne6+ Kg8
42. Qe7 e3 43. Qd8+ Kh7 44. Qxc8 Qe4+ 45. f3 Qd3 46. Nf4 1-0

[Event "Beijing ST Lee cup"]
[Site "CHN"]
[Date "1997.08.23"]
[EventDate "1997.08.??"]
[Round "1"]
[Result "1-0"]
[White "Xu Jun"]
[Black "Ning Chunhong"]
[WhiteElo "2505"]
[BlackElo "2260"]
[PlyCount "77"]

1. c4 c5 2. Nf3 Nc6 3. Nc3 g6 4. e3 Bg7 5. d4 Nf6 6. d5 Na5
7. Be2 O-O 8. O-O d6 9. a3 b6 10. Nd2 e5 11. e4 Ne8 12. b4 Nb7
13. g4 Qh4 14. f3 f5 15. gxf5 gxf5 16. Kh1 Nf6 17. Qe1 Qxe1
18. Rxe1 Nh5 19. exf5 Bxf5 20. Nde4 Nf4 21. Bf1 Bh3 22. Bxf4
Bxf1 23. Rxf1 exf4 24. Rac1 cxb4 25. axb4 a5 26. bxa5 bxa5
27. Rb1 Nc5 28. Nxc5 Bxc3 29. Ne6 Rf7 30. Rb3 Be5 31. Rg1+ Kh8
32. Rgb1 h6 33. Rb8+ Rxb8 34. Rxb8+ Kh7 35. Ra8 Bc3 36. c5
dxc5 37. d6 c4 38. d7 Bf6 39. Rxa5 1-0

[Event "Beijing ST Lee cup"]
[Site "CHN"]
[Date "1997.08.25"]
[EventDate "1997.08.??"]
[Round "3"]
[Result "0-1"]
[White "Xu Jun"]
[Black "Wang Yaoyao"]
[WhiteElo "2505"]
[BlackElo "2430"]
[PlyCount "154"]

1. d4 Nf6 2. c4 g6 3. Nc3 Bg7 4. e4 d6 5. Be2 O-O 6. Bg5 Na6
7. Qd2 e5 8. d5 c6 9. h4 cxd5 10. cxd5 Qa5 11. f3 Bd7 12. g4
Rfc8 13. Nh3 Nc5 14. O-O b5 15. Qe3 b4 16. Nd1 Qb6 17. Nhf2 b3
18. Nc3 Ne8 19. h5 f6 20. Bh4 bxa2 21. Rxa2 Nb3 22. Qxb6 axb6
23. Rxa8 Rxa8 24. hxg6 hxg6 25. Nd3 Bh6 26. Bf2 Nc5 27. Rd1 f5
28. gxf5 gxf5 29. b4 Nxd3 30. Bxd3 Ra3 31. Nb1 Rb3 32. exf5 b5
33. Be1 Be3+ 34. Kh1 Bd4 35. Be4 Ng7 36. f6 Nh5 37. Bh4 Kf7
38. Nd2 Rxb4 39. Rc1 Bc5 40. f4 Nxf6 41. fxe5 Nxe4 42. e6+
Bxe6 43. dxe6+ Kxe6 44. Nf3 Nd2 45. Be1 Nxf3 46. Bxb4 Bxb4
47. Rb1 Bc5 48. Rxb5 Kd5 49. Kg2 Kc4 50. Rb8 Nd4 51. Kf1 d5
52. Ke1 Nb5 53. Rc8 d4 54. Kd2 Nd6 55. Rc7 Ne4+ 56. Kd1 d3
57. Rf7 Kc3 58. Rf3 Nf2+ 59. Ke1 Kc2 60. Rxd3 Kxd3 61. Kf1 Ke3
62. Kg2 Bd6 63. Kg1 Kf3 64. Kf1 Bh2 65. Ke1 Ne4 66. Kf1 Nd2+
67. Ke1 Ke3 68. Kd1 Kd3 69. Ke1 Bg3+ 70. Kd1 Nc4 71. Kc1 Bh4
72. Kd1 Nb2+ 73. Kc1 Kc3 74. Kb1 Kb3 75. Kc1 Bg5+ 76. Kb1 Nc4
77. Ka1 Bf4 0-1

[Event "Beijing ST Lee cup"]
[Site "CHN"]
[Date "1997.08.27"]
[EventDate "1997.08.??"]
[Round "4"]
[Result "1/2-1/2"]
[White "Yu Shaoteng"]
[Black "Xu Jun"]
[WhiteElo "2400"]
[BlackElo "2505"]
[PlyCount "83"]

1. e4 c5 2. Nf3 d6 3. d4 cxd4 4. Nxd4 Nf6 5. Nc3 a6 6. Be2 e6
7. O-O Qc7 8. f4 Be7 9. a4 Nc6 10. Kh1 O-O 11. Be3 Re8 12. Bg1
Bd7 13. Qd3 Nxd4 14. Bxd4 e5 15. Be3 exf4 16. Bxf4 Be6
17. Rad1 Red8 18. Qg3 Ne8 19. Bd3 g6 20. Nd5 Bxd5 21. exd5 Ng7
22. Be3 Re8 23. Bd4 Bf8 24. Qf3 Qd7 25. g4 Re7 26. Bf6 Ree8
27. Qf4 Rec8 28. Rf3 Ne8 29. Bc3 Bg7 30. Rdf1 Bxc3 31. bxc3
Rc7 32. Rh3 f6 33. Re3 Qf7 34. Re6 Re7 35. Rfe1 Rxe6 36. Rxe6
Rc8 37. Qe4 Kf8 38. Qe3 Rxc3 39. Qh6+ Kg8 40. Qe3 Kf8 41. Qh6+
Kg8 42. Qe3 1/2-1/2

[Event "Beijing ST Lee cup"]
[Site "CHN"]
[Date "1997.08.31"]
[EventDate "1997.08.??"]
[Round "7"]
[Result "0-1"]
[White "Xu Jun"]
[Black "Zhong Zhang"]
[WhiteElo "2505"]
[BlackElo "2475"]
[PlyCount "98"]

1. d4 f5 2. g3 Nf6 3. Bg2 g6 4. Nf3 Bg7 5. O-O O-O 6. b3 d6
7. Bb2 Ng4 8. Nbd2 Nc6 9. h3 Nh6 10. Nc4 d5 11. Nce5 Nxe5
12. Nxe5 Nf7 13. Nd3 c6 14. Rc1 Ng5 15. e3 Ne4 16. c4 Be6
17. Nf4 Bf7 18. cxd5 cxd5 19. Rc2 Qa5 20. Qa1 Rfc8 21. Rfc1
Qd8 22. a4 g5 23. Nd3 Bg6 24. Ne5 e6 25. Ba3 Rxc2 26. Rxc2
Bxe5 27. dxe5 f4 28. gxf4 gxf4 29. exf4 Ng3 30. Rd2 Nf5
31. Qd1 Qh4 32. Rc2 Qxf4 33. Bc1 Qd4 34. Qxd4 Nxd4 35. Rc7
Ne2+ 36. Kf1 Nxc1 37. Rxc1 Rf8 38. Ke2 Rf4 39. Rc8+ Kg7
40. Rc7+ Rf7 41. Rxf7+ Kxf7 42. a5 Bc2 43. b4 Kg6 44. Ke3 Kg5
45. f4+ Kh4 46. Kf2 Bf5 47. Bf1 Be4 48. Bg2 Bxg2 49. Kxg2 Kh5
0-1

[Event "Beijing ST Lee cup"]
[Site "CHN"]
[Date "1997.09.01"]
[EventDate "1997.08.??"]
[Round "8"]
[Result "1/2-1/2"]
[White "Jianjun Xie"]
[Black "Xu Jun"]
[WhiteElo "2365"]
[BlackElo "2505"]
[PlyCount "109"]

1. d4 Nf6 2. Nf3 e6 3. g3 b6 4. Bg2 Bb7 5. O-O c5 6. c3 Be7
7. Nbd2 O-O 8. Re1 d5 9. Ne5 Nbd7 10. Ndf3 Nxe5 11. Nxe5 Qc7
12. Bg5 h6 13. Bxf6 Bxf6 14. Ng4 Be7 15. e3 b5 16. Ne5 a5
17. Nd3 cxd4 18. cxd4 Rfc8 19. Rc1 Qb6 20. Qd2 b4 21. Rxc8+
Rxc8 22. Rc1 Rc7 23. Bf1 Bd6 24. Rc2 Rxc2 25. Qxc2 Qc7
26. Qxc7 Bxc7 27. Nc5 Bc6 28. Ba6 Kf8 29. Kf1 Ke7 30. Ke2 e5
31. dxe5 Bxe5 32. Nb3 Bxb2 33. Nxa5 Bd7 34. Nb3 Kd6 35. Bd3
Bc3 36. Nd4 Kc5 37. Nb3+ Kb6 38. f3 h5 39. e4 dxe4 40. fxe4
Be6 41. Ke3 g5 42. Be2 g4 43. Bd1 Be5 44. Nc1 h4 45. Nd3 hxg3
46. hxg3 Bxg3 47. Nxb4 Bh4 48. Kf4 g3 49. Bf3 Kc5 50. Nd5 Kd4
51. Bg2 Kd3 52. Kf3 Kd2 53. Ne3 Bxa2 54. Nf5 Bf6 55. Nxg3
1/2-1/2

[Event "Beijing ST Lee cup"]
[Site "CHN"]
[Date "1997.09.02"]
[EventDate "1997.08.??"]
[Round "9"]
[Result "1-0"]
[White "Xu Jun"]
[Black "Zhang Weida"]
[WhiteElo "2505"]
[BlackElo "2335"]
[PlyCount "97"]

1. d4 Nf6 2. c4 e6 3. g3 d5 4. Nf3 dxc4 5. Qa4+ Nbd7 6. Bg2 a6
7. Qxc4 c5 8. Qc2 b6 9. Ne5 Nd5 10. Nc3 Bb7 11. Nxd5 exd5
12. O-O Be7 13. Rd1 O-O 14. Qf5 Nxe5 15. dxe5 Ra7 16. e3 d4
17. Bxb7 Rxb7 18. exd4 Rd7 19. Be3 cxd4 20. Rd3 Bc5 21. Rad1
a5 22. Qg4 f5 23. exf6 Rxf6 24. Bxd4 Rg6 25. Bxc5 Rxg4
26. Rxd7 Qxd7 27. Rxd7 bxc5 28. Rb7 Rc4 29. h4 Rc2 30. a3 c4
31. Rb5 Kf7 32. Kg2 Ke6 33. a4 h6 34. h5 Kf6 35. g4 Ke6
36. Kg3 Kf6 37. f3 Ke6 38. Kf4 Re2 39. Rb6+ Kf7 40. Kf5 Re3
41. f4 Re2 42. Rb5 Kg8 43. g5 hxg5 44. fxg5 Kh7 45. Rb7 Rf2+
46. Ke4 c3 47. bxc3 Ra2 48. h6 Kg8 49. Kf5 1-0

[Event "Beijing ST Lee cup"]
[Site "CHN"]
[Date "1997.09.04"]
[EventDate "1997.08.??"]
[Round "11"]
[Result "1/2-1/2"]
[White "Xu Jun"]
[Black "Zili Wang"]
[WhiteElo "2505"]
[BlackElo "2520"]
[PlyCount "63"]

1. Nf3 Nf6 2. c4 c5 3. Nc3 Nc6 4. d4 cxd4 5. Nxd4 Qb6 6. Nb3
e6 7. a3 a6 8. e4 d6 9. Bf4 Be7 10. Be2 O-O 11. O-O Rd8
12. Qc2 Nb8 13. e5 Nfd7 14. exd6 Bxd6 15. Bxd6 Qxd6 16. Rfd1
Qe7 17. c5 Nc6 18. Ne4 Nf6 19. Rxd8+ Qxd8 20. Rd1 Nd5 21. Bc4
Nce7 22. Nc3 Qc7 23. Nxd5 exd5 24. Bd3 g6 25. Nd4 Nc6 26. Qc3
Bd7 27. Bf1 Nxd4 28. Qxd4 Bc6 29. Re1 Qd7 30. f3 Re8 31. Rxe8+
Qxe8 32. Kf2 1/2-1/2

[Event "Cannes op A"]
[Site "FRA"]
[Date "1997.??.??"]
[EventDate "1997.02.??"]
[Round "1"]
[Result "1-0"]
[White "Xu Jun"]
[Black "Slim Bouaziz"]
[WhiteElo "2515"]
[BlackElo "2385"]
[PlyCount "43"]

1. d4 d5 2. c4 c6 3. Nf3 e6 4. g3 Nf6 5. Bg2 Nbd7 6. O-O dxc4
7. a4 c5 8. Na3 cxd4 9. Nxc4 Bc5 10. Nxd4 Nb6 11. Nxb6 Qxb6
12. a5 Qa6 13. b4 Bxd4 14. Qxd4 O-O 15. Bg5 Nd7 16. Rfc1 Nb8
17. Bf4 Nc6 18. Qc5 Qxe2 19. b5 Nd8 20. a6 e5 21. Qxe5 Qg4
22. Rc7 1-0

[Event "Cannes op A"]
[Site "FRA"]
[Date "1997.??.??"]
[EventDate "1997.02.??"]
[Round "4"]
[Result "1/2-1/2"]
[White "Joseph G Gallagher"]
[Black "Xu Jun"]
[WhiteElo "2545"]
[BlackElo "2515"]
[PlyCount "77"]

1. e4 c5 2. Nf3 d6 3. d4 cxd4 4. Nxd4 Nf6 5. Nc3 Nc6 6. Bg5 e6
7. Qd2 a6 8. O-O-O h6 9. Be3 Bd7 10. f4 Qc7 11. h3 b5 12. Bxb5
axb5 13. Ndxb5 Qb8 14. Nxd6+ Bxd6 15. Qxd6 Qxd6 16. Rxd6 Na5
17. b3 Bc6 18. Rd4 O-O 19. b4 Nb7 20. Kb2 Rfd8 21. b5 Be8
22. Rxd8 Rxd8 23. Kb3 Rc8 24. Kb4 Nd6 25. Rd1 Rc4+ 26. Kb3
Nfxe4 27. Nxe4 Rxe4 28. Rxd6 Rxe3+ 29. Kb4 Re2 30. Rd8 Kf8
31. Rc8 Rxg2 32. b6 Rg1 33. Kc5 Rb1 34. a4 Ke7 35. a5 Rb5+
36. Kc4 Bd7 37. Rc7 Rb1 38. Kc5 Rb5+ 39. Kc4 1/2-1/2

[Event "Cannes op A"]
[Site "FRA"]
[Date "1997.??.??"]
[EventDate "1997.02.??"]
[Round "6"]
[Result "1-0"]
[White "Vladimir Bukal"]
[Black "Xu Jun"]
[WhiteElo "2395"]
[BlackElo "2515"]
[PlyCount "109"]

1. c4 e5 2. Nc3 Nf6 3. Nf3 Nc6 4. e4 Bc5 5. Nxe5 Nxe5 6. d4
Bb4 7. dxe5 Nxe4 8. Qd4 Nxc3 9. bxc3 Be7 10. Qg4 Kf8 11. Qg3
d5 12. Be2 c6 13. O-O Be6 14. cxd5 cxd5 15. f4 f5 16. exf6
Bxf6 17. f5 Bf7 18. Ba3+ Kg8 19. Bc5 h5 20. Bd4 Bxd4+ 21. cxd4
Qf6 22. Qe5 Rh6 23. Bb5 a6 24. Bd3 Re8 25. Qf4 Qd6 26. Rac1
Qxf4 27. Rxf4 Rb6 28. Rc2 Kf8 29. Kf2 Ke7 30. Kg3 Kf6 31. Kh4
Rb4 32. h3 a5 33. Rcf2 Rh8 34. Rd2 a4 35. Be2 a3 36. Rf3 Ra8
37. Bd1 Re8 38. g4 hxg4 39. hxg4 Re4 40. Rfd3 Rb2 41. Bc2 Rxa2
42. Rb3 Be8 43. Rxb7 Re7 44. Rb6+ Kf7 45. f6 Re4 46. Rf2 Kg8
47. Kg3 Re3+ 48. Kf4 Re4+ 49. Kg5 gxf6+ 50. Rbxf6 Rxc2
51. Rxc2 Rxd4 52. Rcf2 Kg7 53. Re6 Re4 54. Rxe4 dxe4 55. Ra2
1-0

[Event "Cannes op A"]
[Site "FRA"]
[Date "1997.??.??"]
[EventDate "1997.02.??"]
[Round "7"]
[Result "1-0"]
[White "Xu Jun"]
[Black "Jordan N Grigorov"]
[WhiteElo "2515"]
[BlackElo "2375"]
[PlyCount "71"]

1. d4 Nf6 2. c4 c5 3. d5 Ne4 4. e3 Qa5+ 5. Nd2 g6 6. Bd3 Nf6
7. Ngf3 Bg7 8. O-O d6 9. h3 O-O 10. e4 e5 11. a3 Na6 12. Re1
Qd8 13. Rb1 Nh5 14. Bf1 h6 15. b4 b6 16. bxc5 Nxc5 17. Nb3 Na4
18. Bd2 Bd7 19. Nc1 Qf6 20. Nd3 Nf4 21. Nxf4 exf4 22. e5 dxe5
23. Nxe5 Qxe5 24. Rxe5 Bxe5 25. Qf3 g5 26. Re1 Rfe8 27. d6
Rac8 28. h4 Kg7 29. Bd3 Nc5 30. Rxe5 Rxe5 31. Bc3 Nxd3
32. Qxd3 f6 33. Bxe5 fxe5 34. h5 Kg8 35. Qg6+ Kf8 36. Qf6+ 1-0

[Event "Cannes op A"]
[Site "FRA"]
[Date "1997.??.??"]
[EventDate "1997.02.??"]
[Round "9"]
[Result "1-0"]
[White "Drazen Sermek"]
[Black "Xu Jun"]
[WhiteElo "2575"]
[BlackElo "2515"]
[PlyCount "123"]

1. e4 c5 2. c3 d5 3. exd5 Qxd5 4. d4 Nf6 5. Nf3 Bg4 6. Qa4+
Bd7 7. Qb3 Qxb3 8. axb3 cxd4 9. Nxd4 Nc6 10. Nxc6 Bxc6 11. Na3
a6 12. Nc4 Rd8 13. Na5 Bd5 14. c4 Be4 15. f3 Bc2 16. Nxb7 Rd7
17. Na5 Rd1+ 18. Ke2 h5 19. h4 e6 20. g3 Bd6 21. Kf2 Bc5+
22. Kg2 Re1 23. Nb7 Bd4 24. c5 O-O 25. Bxa6 Rxh1 26. Kxh1 Bxb3
27. Kg2 Bd5 28. Ra4 e5 29. b4 e4 30. b5 exf3+ 31. Kf1 Be5
32. Bf4 Re8 33. c6 Ng4 34. Bxe5 Rxe5 35. c7 Be6 36. Rf4 Rd5
37. Rxf3 Nh2+ 38. Kf2 Rd2+ 39. Ke3 Nxf3 40. Nc5 Bg4 41. b6 Rb2
42. b7 Rxb7 43. Bxb7 Ne5 44. Bd5 Ng6 45. Be6 Bxe6 46. Nxe6 Ne7
47. Nf4 Kf8 48. Ke4 Ke8 49. Nxh5 Kd7 50. Nxg7 Kxc7 51. Ke5 Ng8
52. g4 Kd7 53. g5 f6+ 54. gxf6 Nh6 55. h5 Nf7+ 56. Kf5 Kd6
57. Ne8+ Kd7 58. Ng7 Kd6 59. Kg6 Ne5+ 60. Kh7 Ng4 61. Ne8+ Kd7
62. Kg7 1-0

[Event "Linares Anibal op"]
[Site "ESP"]
[Date "1998.??.??"]
[EventDate "1998.01.??"]
[Round "2"]
[Result "0-1"]
[White "Horacio Saldano"]
[Black "Xu Jun"]
[WhiteElo "2380"]
[BlackElo "2505"]
[PlyCount "76"]

1. e4 c5 2. c3 d5 3. exd5 Qxd5 4. d4 Nf6 5. Nf3 Bg4 6. Be2 e6
7. h3 Bh5 8. Be3 cxd4 9. cxd4 Bb4+ 10. Nc3 Nc6 11. O-O Qa5
12. Qb3 O-O 13. Rfd1 Rfd8 14. a3 Bxc3 15. bxc3 Qc7 16. Bg5
Rac8 17. Bxf6 gxf6 18. Rac1 Na5 19. Qb4 b6 20. d5 Rxd5
21. Rxd5 exd5 22. Qh4 Bg6 23. c4 dxc4 24. Qxf6 c3 25. Nd4 Qd8
26. Qf4 c2 27. h4 h5 28. Nxc2 Rxc2 29. Rxc2 Bxc2 30. Bxh5 Bb3
31. Bf3 Be6 32. Be4 Qd1+ 33. Kh2 Qh5 34. Qb8+ Kg7 35. g3 Nc4
36. Qc7 Qe2 37. Bg2 Qxf2 38. Qe7 Bd5 0-1

[Event "Linares Anibal op"]
[Site "ESP"]
[Date "1998.??.??"]
[EventDate "1998.01.??"]
[Round "6"]
[Result "0-1"]
[White "Jose Candela Perez"]
[Black "Xu Jun"]
[WhiteElo "2345"]
[BlackElo "2505"]
[PlyCount "114"]

1. d4 Nf6 2. c4 e6 3. Nc3 Bb4 4. Qc2 O-O 5. a3 Bxc3+ 6. Qxc3
b6 7. Bg5 Bb7 8. f3 h6 9. Bh4 d5 10. e3 Nbd7 11. Bd3 c5
12. cxd5 cxd4 13. Qxd4 e5 14. Bxf6 Nxf6 15. Qxe5 Nxd5 16. Qd4
Nxe3 17. Qxe3 Re8 18. Be4 f5 19. Ne2 fxe4 20. f4 Qd3 21. Kf2
Rad8 22. Rhd1 Qxe3+ 23. Kxe3 Rd3+ 24. Kf2 e3+ 25. Kf1 Red8
26. Rxd3 Rxd3 27. Nc3 Rd2 28. Re1 Rf2+ 29. Kg1 Rxg2+ 30. Kf1
Rxh2 31. Rxe3 Rxb2 32. Re7 Rb3 33. Rxb7 Rxc3 34. Rxa7 Rf3+
35. Kg2 Rxf4 36. a4 Kh7 37. Kg3 Rb4 38. Ra6 h5 39. a5 bxa5
40. Rxa5 Kh6 41. Kh3 Rb3+ 42. Kg2 h4 43. Rc5 g5 44. Ra5 Kh5
45. Rc5 h3+ 46. Kh2 Kh4 47. Rc8 Rb2+ 48. Kg1 g4 49. Rc4 Re2
50. Ra4 Kg3 51. Ra1 Kf4 52. Ra8 g3 53. Rf8+ Ke4 54. Re8+ Kd3
55. Rd8+ Kc4 56. Rc8+ Kb5 57. Rc1 Kb4 0-1

[Event "Linares Anibal op"]
[Site "ESP"]
[Date "1998.??.??"]
[EventDate "1998.01.??"]
[Round "8"]
[Result "1/2-1/2"]
[White "Xu Jun"]
[Black "Georgy Timoshenko"]
[WhiteElo "2505"]
[BlackElo "2570"]
[PlyCount "40"]

1. Nf3 d5 2. d4 Nf6 3. c4 dxc4 4. e3 a6 5. Bxc4 e6 6. O-O c5
7. Bd3 cxd4 8. exd4 Be7 9. Nc3 Nc6 10. Bg5 O-O 11. Rc1 Nd5
12. Bxe7 Ncxe7 13. Ne5 b6 14. Nxd5 Nxd5 15. Nc6 Qd6 16. Be4
Bd7 17. Bxd5 exd5 18. Ne5 f6 19. Nxd7 Qxd7 20. h3 Rac8 1/2-1/2

[Event "Linares Anibal op"]
[Site "ESP"]
[Date "1998.??.??"]
[EventDate "1998.01.??"]
[Round "9"]
[Result "1-0"]
[White "Karen Asrian"]
[Black "Xu Jun"]
[WhiteElo "2515"]
[BlackElo "2505"]
[PlyCount "93"]

1. e4 c5 2. Nf3 d6 3. d4 cxd4 4. Nxd4 Nf6 5. Nc3 a6 6. Be2 e6
7. O-O Be7 8. a4 Nc6 9. Be3 O-O 10. f4 Qc7 11. Kh1 Re8 12. Bf3
Rb8 13. Qd2 Bd7 14. Nb3 b6 15. Bf2 Bc8 16. Bg3 Nd7 17. e5 dxe5
18. Rae1 Bb4 19. fxe5 Ncxe5 20. Bh5 g6 21. Rxe5 Nxe5 22. Qe2
f5 23. Bxe5 Bd6 24. Nd5 exd5 25. Bxd6 Qc6 26. Nd4 Qd7 27. Bxb8
Rxe2 28. Bxe2 Qxa4 29. Be5 Bb7 30. Bd3 Qb4 31. b3 a5 32. h3 a4
33. bxa4 Qxa4 34. Bb5 Qa5 35. Rb1 Qa2 36. Re1 Qa5 37. Rd1 Ba6
38. Bxa6 Qxa6 39. Nf3 Qc4 40. c3 h6 41. Ra1 g5 42. Bd4 Kf8
43. Ne5 Qe2 44. Kh2 h5 45. Ra7 Qf1 46. Ng6+ Ke8 47. Bf6 1-0

[Event "Ubeda op"]
[Site "ESP"]
[Date "1998.01.23"]
[EventDate "1998.01.??"]
[Round "4"]
[Result "1/2-1/2"]
[White "Mathias Roeder"]
[Black "Xu Jun"]
[WhiteElo "2435"]
[BlackElo "2520"]
[PlyCount "52"]

1. d4 d6 2. e4 Nf6 3. Nc3 g6 4. f4 Bg7 5. Nf3 c5 6. Bb5+ Bd7
7. e5 Ng4 8. Bxd7+ Qxd7 9. d5 dxe5 10. h3 e4 11. hxg4 exf3
12. Qxf3 Na6 13. Bd2 Nb4 14. O-O-O O-O-O 15. Ne4 Nxa2+ 16. Kb1
Qb5 17. Qa3 Nb4 18. Nxc5 a5 19. Nb3 Rxd5 20. Nxa5 Qxa5
21. Qxa5 Rxa5 22. Bxb4 Rb5 23. c3 e6 24. Kc2 h5 25. gxh5 Rhxh5
26. Rxh5 Rxh5 1/2-1/2

[Event "Ubeda op"]
[Site "ESP"]
[Date "1998.01.24"]
[EventDate "1998.01.??"]
[Round "5"]
[Result "1-0"]
[White "Xu Jun"]
[Black "Stefan Loeffler"]
[WhiteElo "2520"]
[BlackElo "2405"]
[PlyCount "99"]

1. d4 d5 2. c4 e6 3. Nf3 dxc4 4. e3 Nf6 5. Bxc4 c5 6. O-O a6
7. Bb3 Nc6 8. Nc3 Be7 9. dxc5 Bxc5 10. Qxd8+ Kxd8 11. e4 b6
12. Rd1+ Ke8 13. e5 Ng4 14. Ne4 Ngxe5 15. Nxe5 Nxe5 16. Nxc5
bxc5 17. Be3 c4 18. Ba4+ Bd7 19. Rxd7 Nxd7 20. Rd1 Rd8 21. Bc5
h5 22. f4 h4 23. f5 g6 24. Bb6 Ke7 25. f6+ Kxf6 26. Bxd8+ Rxd8
27. Rxd7 Rb8 28. Rd2 Ke5 29. Kf2 f5 30. Bd1 Rc8 31. Be2 a5
32. Rc2 Kd4 33. Rc3 e5 34. Ke1 e4 35. Kd2 Rc5 36. h3 g5
37. Ra3 Rb5 38. Kc2 f4 39. Bf1 Rc5 40. Be2 Rb5 41. Kc1 Rc5
42. Kd1 Kd5 43. Kd2 Kd4 44. Ra4 Rc7 45. b3 Rc5 46. Rxc4+ Rxc4
47. bxc4 a4 48. a3 g4 49. Bxg4 Kxc4 50. Bd1 1-0

[Event "Ubeda op"]
[Site "ESP"]
[Date "1998.01.26"]
[EventDate "1998.01.??"]
[Round "7"]
[Result "1/2-1/2"]
[White "Xu Jun"]
[Black "Giorgi Giorgadze"]
[WhiteElo "2520"]
[BlackElo "2605"]
[PlyCount "76"]

1. d4 d5 2. c4 c6 3. Nf3 Nf6 4. Nc3 e6 5. cxd5 cxd5 6. Bg5 Be7
7. e3 a6 8. Bd3 b5 9. O-O Bb7 10. Rc1 Nbd7 11. a4 b4 12. Nb1
O-O 13. Nbd2 Bd6 14. Nb3 Qb6 15. a5 Qa7 16. Bf4 Be7 17. Ne5
Rac8 18. Bg5 Rxc1 19. Qxc1 Bd6 20. f4 Rc8 21. Qd2 Rc7 22. Rc1
Qb8 23. Bh4 Qc8 24. Be1 Nb8 25. Rxc7 Qxc7 26. Qc2 Qxc2
27. Bxc2 Nfd7 28. Nd3 Nc6 29. Kf2 Bc8 30. Nbc5 Nxa5 31. Bxb4
Bc7 32. Ba4 Nb8 33. b3 Nac6 34. Bc3 f6 35. g3 Kf7 36. b4 Ke7
37. b5 axb5 38. Bxb5 Bd6 1/2-1/2

[Event "Ubeda op"]
[Site "ESP"]
[Date "1998.01.27"]
[EventDate "1998.01.??"]
[Round "8"]
[Result "0-1"]
[White "Gadgily Raouf"]
[Black "Xu Jun"]
[WhiteElo "2470"]
[BlackElo "2520"]
[PlyCount "66"]

1. e4 c5 2. Nf3 d6 3. d4 cxd4 4. Nxd4 Nf6 5. Nc3 Nc6 6. Be2 g6
7. O-O Bg7 8. Nb3 O-O 9. Re1 a6 10. Bf1 Bd7 11. h3 b5 12. Nd5
Ne5 13. c3 Nxd5 14. exd5 Re8 15. Bg5 Qb6 16. Qe2 Nc4 17. Rad1
Rac8 18. Nd4 Qb7 19. g4 f6 20. Bc1 Qxd5 21. Nf5 Qf7 22. Nxe7+
Kf8 23. Nxc8 Rxe2 24. Bxe2 Bxc8 25. b3 Ne5 26. Ba3 Qa7
27. Rxd6 Kf7 28. Rd8 Qc7 29. Red1 Nd7 30. Rxc8 Qxc8 31. Bf3
Nb6 32. Rd6 Qxc3 33. Kg2 Bf8 0-1

[Event "Shenyang WchT Cities"]
[Site "CHN"]
[Date "1999.10.04"]
[EventDate "1999.10.04"]
[Round "1.1"]
[Result "0-1"]
[White "Peter R Green"]
[Black "Xu Jun"]
[WhiteElo "2269"]
[BlackElo "2535"]
[PlyCount "100"]

1. d4 Nf6 2. c4 c5 3. d5 e6 4. Nc3 exd5 5. cxd5 d6 6. e4 g6
7. Nf3 a6 8. a4 Bg4 9. Be2 Bxf3 10. Bxf3 Nbd7 11. O-O Bg7
12. Bf4 Qe7 13. Qd2 O-O 14. Rfe1 Rab8 15. a5 b5 16. axb6 Rxb6
17. Ra2 Rfb8 18. h3 Ne8 19. Bd1 Ne5 20. Be2 Nc7 21. Bg5 Qe8
22. Kh1 Nd7 23. Bg4 h5 24. Bxd7 Qxd7 25. Bf4 Re8 26. f3 Rb4
27. Qf2 Qd8 28. g4 hxg4 29. hxg4 Rxb2 30. Rxb2 Bxc3 31. Rbe2
Bxe1 32. Qxe1 Qf6 33. Qg3 Nxd5 34. Bxd6 c4 35. e5 Qg5 36. e6
Rxe6 37. Rxe6 fxe6 38. f4 Qh6+ 39. Kg1 g5 40. f5 Qh4 41. Qxh4
gxh4 42. fxe6 c3 43. Kf2 c2 44. Ba3 Nf4 45. e7 Kf7 46. g5 Ng6
47. Ke2 Nxe7 48. Kd2 h3 49. Bd6 Nf5 50. Bf4 Nd4 0-1

[Event "Shenyang WchT Cities"]
[Site "CHN"]
[Date "1999.10.05"]
[EventDate "1999.10.04"]
[Round "2.1"]
[Result "1-0"]
[White "Xu Jun"]
[Black "Chanda Sandipan"]
[WhiteElo "2535"]
[BlackElo "2433"]
[PlyCount "63"]

1. Nf3 Nf6 2. c4 e6 3. Nc3 Bb4 4. Qc2 b6 5. a3 Bxc3 6. Qxc3
Bb7 7. b4 a5 8. Bb2 axb4 9. axb4 Rxa1+ 10. Bxa1 Nc6 11. b5 Ne7
12. e3 d6 13. Be2 Nf5 14. d3 e5 15. O-O h5 16. Bb2 Rh6 17. e4
Ne7 18. Bc1 Rh8 19. Nh4 Bc8 20. h3 Neg8 21. f4 Nxe4 22. dxe4
Qxh4 23. fxe5 Nh6 24. exd6 cxd6 25. Bxh6 Rxh6 26. Qxg7 Re6
27. Rxf7 Re7 28. Rxe7+ Qxe7 29. Bxh5+ Kd8 30. Qxe7+ Kxe7
31. Bg4 Bb7 32. Bf5 1-0

[Event "Shenyang WchT Cities"]
[Site "CHN"]
[Date "1999.10.06"]
[EventDate "1999.10.04"]
[Round "4.2"]
[Result "1/2-1/2"]
[White "Xu Jun"]
[Black "Valerij Filippov"]
[WhiteElo "2535"]
[BlackElo "2605"]
[PlyCount "25"]

1. d4 d5 2. c4 e6 3. Nf3 Nf6 4. Nc3 Bb4 5. Bg5 Nbd7 6. cxd5
exd5 7. e3 c5 8. Bd3 Qa5 9. Qc2 c4 10. Bf5 O-O 11. O-O Re8
12. Nd2 g6 13. Bh3 1/2-1/2

[Event "Shenyang WchT Cities"]
[Site "CHN"]
[Date "1999.10.08"]
[EventDate "1999.10.04"]
[Round "8.2"]
[Result "0-1"]
[White "Jopie Massie"]
[Black "Xu Jun"]
[WhiteElo "2066"]
[BlackElo "2535"]
[PlyCount "82"]

1. e4 c5 2. d4 cxd4 3. c3 dxc3 4. Nxc3 d6 5. Bc4 e6 6. Nf3 Nf6
7. Qe2 Be7 8. O-O Nbd7 9. Rd1 O-O 10. Bf4 e5 11. Bg5 a6
12. Rac1 b5 13. Bb3 Bb7 14. Bxf6 Nxf6 15. Nxe5 b4 16. Nd5 Bxd5
17. Bxd5 dxe5 18. Bxf7+ Rxf7 19. Rxd8+ Rxd8 20. f3 Rd6
21. Rc8+ Bf8 22. Qc4 Rd1+ 23. Kf2 Rd4 24. Qe6 Nxe4+ 25. Ke2
Nd6 26. Ra8 e4 27. Qe5 exf3+ 28. gxf3 Nf5 29. Qe6 Rdd7 30. Qc4
Nd4+ 31. Kf2 Nxf3 32. Rxf8+ Kxf8 33. Qc8+ Ke7 34. Qc5+ Ke8
35. Qc8+ Rd8 36. Qc6+ Kf8 37. Qc5+ Kg8 38. Qxb4 Nxh2+ 39. Kg2
Nf1 40. Qa5 Rd2+ 41. Kg1 Nh2 0-1

[Event "Udaipur ASI ch"]
[Site "IND"]
[Date "2000.01.10"]
[EventDate "2000.01.10"]
[Round "1"]
[Result "1/2-1/2"]
[White "Xu Jun"]
[Black "Ramalhandran Ramesh"]
[WhiteElo "2578"]
[BlackElo "2443"]
[PlyCount "48"]

1. Nf3 d5 2. d4 Nf6 3. c4 c6 4. Nc3 e6 5. Bg5 h6 6. Bh4 dxc4
7. e4 g5 8. Bg3 b5 9. Be2 Bb7 10. h4 g4 11. Ne5 h5 12. Qc2 Be7
13. Rd1 Qa5 14. O-O Nbd7 15. a4 a6 16. Ra1 Qb6 17. Rfd1 Rg8
18. Nxd7 Nxd7 19. Qd2 Rd8 20. Qh6 Nf6 21. Be5 Rg6 22. Qf4 Rc8
23. Qe3 Nd7 24. Bg3 e5 1/2-1/2

[Event "Udaipur ASI ch"]
[Site "IND"]
[Date "2000.01.12"]
[EventDate "2000.01.10"]
[Round "3"]
[Result "1-0"]
[White "Xu Jun"]
[Black "Jamshed Isaev"]
[WhiteElo "2578"]
[BlackElo "2425"]
[PlyCount "59"]

1. c4 Nf6 2. Nc3 d5 3. cxd5 Nxd5 4. g3 g6 5. Bg2 Nb6 6. d3 Bg7
7. Be3 O-O 8. Qd2 Re8 9. Bh6 Bh8 10. h4 c6 11. h5 Nd5 12. hxg6
hxg6 13. Nf3 Nxc3 14. bxc3 Qa5 15. Rc1 Be6 16. Rc2 Rd8 17. Bg5
f6 18. Rxh8+ Kxh8 19. Bxf6+ exf6 20. Qh6+ Kg8 21. Qxg6+ Kf8
22. Qxf6+ Bf7 23. Ne5 Qxe5 24. Qxe5 Nd7 25. Qh8+ Ke7 26. Qh4+
Ke8 27. Rb2 Rab8 28. Rb4 Nc5 29. Qf6 Ne6 30. Bh3 1-0